[Event "Northern California International"]
[Site "?"]
[Date "2012.01.07"]
[Round "8"]
[White "Inumerable, Florentino"]
[Black "Guerrero, Alejandra"]
[Result "0-1"]
[WhiteElo "2154"]
[BlackElo "2048"]
[PlyCount "112"]
[EventDate "2012.01.06"]
[SourceDate "2012.01.05"]

1. Nf3 c5 2. e4 g6 3. Bc4 Bg7 4. c3 Nc6 5. O-O d6 6. d4 Qb6 7. a4 Nf6 8. a5 Qc7
9. d5 Nb8 10. Qd3 O-O 11. h3 Nbd7 12. Bg5 a6 13. Nbd2 b5 14. axb6 Nxb6 15. Bb3
Nfd7 16. Ra2 a5 17. Rfa1 c4 18. Bxc4 Nc5 19. Qe2 Nxc4 20. Nxc4 Nb3 21. Ncd2
Nxa1 22. Rxa1 Ba6 23. Qe3 Rfb8 24. Rb1 Bc4 25. b3 Ba6 26. c4 a4 27. e5 axb3 28.
Rxb3 Rxb3 29. Qxb3 dxe5 30. Be3 e4 31. Ng5 Rb8 32. Qa2 Bb7 33. Ngxe4 Ra8 34.
Qb3 Ra1+ 35. Nf1 Ba6 36. Ned2 Be5 37. Qd3 Bh2+ 38. Kh1 Bd6 39. Bd4 Ra4 40. Qb3
Rb4 41. Qc3 Bxc4 42. Ne3 Ba6 43. Qxc7 Bxc7 44. Bc5 Rb2 45. Nf3 Rb1+ 46. Ng1 Bd6
47. Bd4 Bb7 48. g3 e6 49. Kh2 Bxd5 50. Nxd5 exd5 51. Ne2 Rd1 52. Kg2 f5 53. Kf3
Rd3+ 54. Kg2 Kf7 55. f3 Rd2 56. f4 Rxe2+ 0-1

[Event "Northern California International"]
[Site "?"]
[Date "2012.01.07"]
[Round "8"]
[White "Ishkhanov, Tigran"]
[Black "Kleinman, Michael"]
[Result "1/2-1/2"]
[WhiteElo "2350"]
[BlackElo "2275"]
[PlyCount "93"]
[EventDate "2012.01.06"]
[SourceDate "2012.01.05"]

1. Nf3 Nf6 2. c4 c5 3. g3 g6 4. Bg2 Bg7 5. Nc3 Nc6 6. d4 cxd4 7. Nxd4 Nxd4 8.
Qxd4 O-O 9. O-O d6 10. Qd3 a6 11. Be3 Bf5 12. Qd2 Qd7 13. Rfd1 Bh3 14. Bh1 Rac8
15. c5 Ng4 16. cxd6 Nxe3 17. dxe7 Qxe7 18. Qxe3 Qxe3 19. fxe3 Rc7 20. Kf2 h5
21. Rd6 Rfc8 22. Rad1 Be6 23. Nd5 Bxd5 24. Bxd5 Kf8 25. Rb6 Rd8 26. Rd3 Rdd7
27. Kf3 a5 28. e4 Rc2 29. Rdb3 Ke7 30. Rxb7 Rcc7 31. Rxc7 Rxc7 32. Rb5 Kd6 33.
Ke3 Be5 34. Kd3 a4 35. Bc4 f6 36. Ra5 Rb7 37. b3 axb3 38. Bxb3 g5 39. Ra8 Rh7
40. a4 h4 41. gxh4 Rxh4 42. a5 Kc5 43. a6 Rh3+ 44. e3 Rxh2 45. Rg8 Kb6 46. Bc4
Rh7 47. Ke2 1/2-1/2

[Event "Northern California International"]
[Site "?"]
[Date "2012.01.07"]
[Round "8"]
[White "Iyengar, Udit"]
[Black "Viswanadha, Kesav"]
[Result "0-1"]
[WhiteElo "1991"]
[BlackElo "1987"]
[PlyCount "68"]
[EventDate "2012.01.06"]
[SourceDate "2012.01.05"]

1. d4 Nf6 2. c4 e6 3. Nf3 b6 4. Bg5 Bb7 5. e3 h6 6. Bh4 Be7 7. Nc3 d6 8. Bd3
Nbd7 9. Qe2 g5 10. Bg3 g4 11. Nd2 Bxg2 12. Rg1 Bb7 13. e4 e5 14. dxe5 dxe5 15.
O-O-O Bc5 16. Nb3 Qe7 17. Nb5 Bd6 18. Bc2 a6 19. Nxd6+ cxd6 20. Bh4 Qe6 21. Rd2
Rc8 22. Bxf6 Nxf6 23. Bd3 Bxe4 24. c5 Bf3 25. Qf1 b5 26. Rc2 dxc5 27. Nxc5 Qxa2
28. Nxa6 Rxc2+ 29. Kxc2 Ke7 30. Nb4 Rc8+ 31. Kd2 Qxb2+ 32. Nc2 Rxc2+ 33. Bxc2
Ne4+ 34. Ke3 Qd4# 0-1

[Event "Northern California International"]
[Site "?"]
[Date "2012.01.07"]
[Round "8"]
[White "Jayakumar, Adarsh"]
[Black "Ramirez, Alejandro"]
[Result "0-1"]
[WhiteElo "2197"]
[BlackElo "2594"]
[PlyCount "70"]
[EventDate "2012.01.06"]
[SourceDate "2012.01.05"]

1. d4 e6 2. c4 b6 3. Nf3 Bb7 4. Nc3 Bb4 5. Qc2 f5 6. Bg5 Nf6 7. e3 O-O 8. Bd3
Qe8 9. Bxf6 Rxf6 10. Qe2 Nc6 11. O-O Bxc3 12. bxc3 Qh5 13. Nd2 Qxe2 14. Bxe2 e5
15. Nb3 a5 16. a4 Ba6 17. Rfe1 d6 18. Rab1 Rd8 19. Bf1 Ne7 20. Red1 e4 21. Rbc1
Bb7 22. c5 Bc6 23. Ra1 f4 24. exf4 Rxf4 25. cxb6 cxb6 26. d5 Bb7 27. Nd4 Bxd5
28. Rab1 Bf7 29. Rxb6 Nd5 30. Rc6 e3 31. f3 Be8 32. Ne6 Bxc6 33. Nxd8 Nxc3 34.
Rxd6 Bd5 35. Rb6 e2 0-1

[Event "Northern California International"]
[Site "?"]
[Date "2012.01.07"]
[Round "8"]
[White "Liu, Daniel"]
[Black "Haessel, Dale"]
[Result "1-0"]
[WhiteElo "2049"]
[BlackElo "2190"]
[PlyCount "59"]
[EventDate "2012.01.06"]
[SourceDate "2012.01.05"]

1. e4 e5 2. Nf3 Nf6 3. Nxe5 d6 4. Nf3 Nxe4 5. Nc3 Nxc3 6. dxc3 Be7 7. Be3 Nc6
8. Qd2 Be6 9. Ng5 Bxg5 10. Bxg5 f6 11. Bf4 Qd7 12. O-O-O a6 13. Kb1 O-O-O 14.
c4 Rhe8 15. Qc3 Ne5 16. b3 h5 17. h4 Bg4 18. Rd2 Qc6 19. f3 Bf5 20. Be2 Rd7 21.
Rhd1 Rde7 22. Bf1 Be6 23. Kb2 Kb8 24. a4 Bf7 25. a5 Qc5 26. Bg3 Nc6 27. Rxd6
Qxa5 28. Qxa5 Nxa5 29. Rd8+ Ka7 30. R8d7 1-0

[Event "Northern California International"]
[Site "?"]
[Date "2012.01.07"]
[Round "8"]
[White "Mandizha, Farai"]
[Black "Liou, Yian"]
[Result "0-1"]
[WhiteElo "2404"]
[BlackElo "2283"]
[PlyCount "110"]
[EventDate "2012.01.06"]
[SourceDate "2012.01.05"]

1. b3 e5 2. Bb2 Nc6 3. e3 g6 4. h4 Bg7 5. h5 a6 6. f4 d6 7. g4 Qe7 8. g5 h6 9.
hxg6 fxg6 10. Nc3 Be6 11. Qf3 exf4 12. O-O-O fxe3 13. Qxe3 O-O-O 14. Nf3 Bf5
15. Qg1 hxg5 16. Rxh8 Bxh8 17. Re1 Qd7 18. Nxg5 Bd4 19. Qh1 d5 20. a3 Bf6 21.
Nh7 Bg7 22. Bg2 Nge7 23. Ng5 Rh8 24. Qf1 Kb8 25. Nf3 Bf6 26. b4 g5 27. Na4 Qd6
28. Nc5 g4 29. Ng1 Bxb2+ 30. Kxb2 Bc8 31. Ne2 a5 32. c3 b6 33. Nb3 Ne5 34. Ned4
Nc4+ 35. Kc1 a4 36. Na1 Nc6 37. Nxc6+ Qxc6 38. Nc2 Qd6 39. Qd3 Rd8 40. Nd4 Bd7
41. Rh1 Qe5 42. Qh7 Qg5 43. Re1 Nxa3 44. Qf7 Nb5 45. Nxb5 Bxb5 46. Rh1 Qe5 47.
Rh5 Qe1+ 48. Kc2 Bc4 49. Rh7 Bb3+ 50. Kd3 Qe5 51. Qf2 a3 52. Rh1 a2 53. Qh4
Qf5+ 54. Kd4 Qf4+ 55. Kd3 Qc4+ 0-1

[Event "Northern California International"]
[Site "?"]
[Date "2012.01.07"]
[Round "8"]
[White "Santarius, Erik"]
[Black "Macieja, Bartlomiej"]
[Result "0-1"]
[WhiteElo "2276"]
[BlackElo "2617"]
[PlyCount "54"]
[EventDate "2012.01.06"]
[SourceDate "2012.01.05"]

1. e4 c5 2. Nf3 e6 3. b3 b6 4. d4 cxd4 5. Nxd4 a6 6. Bd3 Bb7 7. O-O Qc7 8. Bb2
Nf6 9. f4 Nxe4 10. Bxe4 Bxe4 11. f5 e5 12. Re1 d5 13. Nf3 Nc6 14. c4 O-O-O 15.
Nbd2 f6 16. cxd5 Bxd5 17. Qe2 Kb7 18. Ne4 Qd7 19. Ng3 h5 20. Nh4 Bc5+ 21. Kh1
Nd4 22. Qd2 Qb5 23. Red1 Bc6 24. Qd3 Qxd3 25. Rxd3 Nxf5 26. Ngxf5 Rxd3 27. Nxg7
Rhd8 0-1

[Event "Northern California International"]
[Site "?"]
[Date "2012.01.07"]
[Round "8"]
[White "Smith, Bryan"]
[Black "Young, Angelo"]
[Result "1/2-1/2"]
[WhiteElo "2460"]
[BlackElo "2325"]
[PlyCount "103"]
[EventDate "2012.01.06"]
[SourceDate "2012.01.05"]

1. e4 c5 2. Nf3 g6 3. d4 cxd4 4. Nxd4 Nc6 5. Nc3 Bg7 6. Be3 Nf6 7. Bc4 O-O 8.
Bb3 d6 9. f3 Bd7 10. h4 a5 11. a4 Rc8 12. h5 Nxh5 13. g4 Nf4 14. Qd2 Nxd4 15.
Bxd4 e5 16. Be3 Be6 17. O-O-O Rc6 18. Kb1 Bxb3 19. cxb3 Qf6 20. Qh2 h6 21. Nd5
Qe6 22. Bxf4 exf4 23. Qxf4 Rfc8 24. Rd2 Kf8 25. Qe3 g5 26. Nb6 R8c7 27. Nd5 Rc8
28. Rhd1 Be5 29. Qd3 Rc5 30. Rf2 R8c6 31. Ka2 Bg3 32. Rg2 Be5 33. Rb1 Bg7 34.
f4 gxf4 35. Nxf4 Qe5 36. Rf2 Kg8 37. Nd5 Rc1 38. Rf5 Qe6 39. g5 Rxb1 40. Kxb1
hxg5 41. Rxg5 Kf8 42. Ka2 Qh6 43. Rg2 Be5 44. Qf3 Rc1 45. Rf2 Qg6 46. Rg2 Qh6
47. Qg4 Qg7 48. Qf3 Qh6 49. Rf2 Qg6 50. Ne3 Re1 51. Rf1 Rxf1 52. Nxf1 1/2-1/2

[Event "Northern California International"]
[Site "?"]
[Date "2012.01.07"]
[Round "8"]
[White "Vasudeva, Tanuj"]
[Black "Rodriguez, Eric"]
[Result "1/2-1/2"]
[WhiteElo "2100"]
[BlackElo "2352"]
[PlyCount "48"]
[EventDate "2012.01.06"]
[SourceDate "2012.01.05"]

1. e4 e5 2. Nf3 Nc6 3. Bc4 Nf6 4. Ng5 d5 5. exd5 Na5 6. Bb5+ c6 7. dxc6 bxc6 8.
Bd3 h6 9. Ne4 Nd5 10. O-O g6 11. c3 f5 12. Ng3 Bg7 13. b4 Nb7 14. b5 c5 15. Bc2
O-O 16. d3 f4 17. Ne4 f3 18. gxf3 Nf4 19. Bxf4 Rxf4 20. Kh1 Rh4 21. Re1 Rh3 22.
Re3 Bf5 23. Nbd2 Rh4 24. Qg1 Rf4 1/2-1/2

[Event "Northern California International"]
[Site "?"]
[Date "2012.01.07"]
[Round "8"]
[White "Xiong, Jeffery"]
[Black "Bryant, John"]
[Result "1-0"]
[WhiteElo "2097"]
[BlackElo "2401"]
[PlyCount "77"]
[EventDate "2012.01.06"]
[SourceDate "2012.01.05"]

1. e4 c5 2. Nf3 d6 3. d4 cxd4 4. Nxd4 Nf6 5. Nc3 a6 6. Bg5 Nbd7 7. f4 g6 8. Qf3
Bg7 9. O-O-O Qc7 10. Be2 O-O 11. h4 h6 12. Bxf6 Nxf6 13. Qg3 e5 14. fxe5 dxe5
15. h5 g5 16. Rhf1 Re8 17. Nb3 Be6 18. Rxf6 Bxf6 19. Nd5 Qd8 20. Nc5 Bxd5 21.
exd5 Bg7 22. Qb3 b6 23. Ne4 f5 24. d6+ Kh7 25. Qd5 Ra7 26. Ng3 Qf6 27. Nxf5 e4
28. Nxg7 Kxg7 29. Rf1 Re5 30. Qc6 Rf5 31. Rd1 Rc5 32. Qxb6 Rac7 33. Kb1 R7c6
34. Qb7+ Kg8 35. d7 Qd8 36. Bg4 Kg7 37. Qb3 Kf6 38. Rf1+ Ke5 39. Qg3+ 1-0

[Event "Northern California International"]
[Site "?"]
[Date "2012.01.08"]
[Round "9"]
[White "Abrahamyan, Tatev"]
[Black "Xiong, Jeffery"]
[Result "1-0"]
[WhiteElo "2287"]
[BlackElo "2097"]
[PlyCount "47"]
[EventDate "2012.01.06"]
[SourceDate "2012.01.05"]

1. e4 c5 2. Nf3 d6 3. d4 cxd4 4. Nxd4 Nf6 5. Nc3 a6 6. h3 e5 7. Nde2 h5 8. Bg5
Be6 9. Qd2 Nbd7 10. h4 Be7 11. Ng3 Qa5 12. Rd1 Rc8 13. Be2 Qb6 14. Qc1 g6 15.
O-O Nc5 16. Kh1 Qc6 17. f4 Bg4 18. Nd5 Nfxe4 19. Nxe4 Nxe4 20. Nxe7 Ng3+ 21.
Kh2 Nxe2 22. Qd2 Qxc2 23. Nxc8 Qxc8 24. Qxd6 1-0

[Event "Northern California International"]
[Site "?"]
[Date "2012.01.08"]
[Round "9"]
[White "Byambaa, Uyanga"]
[Black "Betaneli, Alex"]
[Result "0-1"]
[WhiteElo "2118"]
[BlackElo "2266"]
[PlyCount "122"]
[EventDate "2012.01.06"]
[SourceDate "2012.01.05"]

1. e4 e5 2. Nf3 Nc6 3. Bc4 Bc5 4. c3 Nf6 5. b4 Bb6 6. d3 d6 7. O-O Be6 8. Nbd2
O-O 9. Bxe6 fxe6 10. Nc4 Nd7 11. Ng5 Rf6 12. a4 a6 13. Nxb6 Nxb6 14. Qb3 Qe7
15. Be3 Nd7 16. d4 h6 17. b5 Na5 18. Qb4 b6 19. Nf3 Qf7 20. dxe5 Rxf3 21. exd6
c5 22. Qb1 Rf6 23. e5 Nxe5 24. Qe4 Qb7 25. Qxe5 Nc4 26. Qg3 Kh7 27. bxa6 Qc6
28. h4 Nxd6 29. Bf4 Nf5 30. Qh3 Rxa6 31. Be5 Rf7 32. g4 Qd5 33. f4 Ne7 34. g5
Nc6 35. Rfd1 Qc4 36. g6+ Kxg6 37. Qg2+ Kh7 38. Qxc6 Qe2 39. Qg2 Qh5 40. Qc2+
Qg6+ 41. Qxg6+ Kxg6 42. Kg2 Kf5 43. Kf3 g5 44. hxg5 hxg5 45. Rg1 gxf4 46. Bxf4
Rfa7 47. Rg8 e5 48. Rf8+ Ke6 49. Re1 Kd5 50. Rd8+ Kc4 51. Bxe5 Rxa4 52. Rb1 b5
53. Ke4 Ra2 54. Rc8 Re2+ 55. Kf5 Rd7 56. Rb4+ Kd5 57. Bd4 cxb4 58. Rc5+ Kd6 59.
cxb4 Rf7+ 60. Kg6 Rf4 61. Bc3 Rc4 0-1

[Event "Northern California International"]
[Site "?"]
[Date "2012.01.08"]
[Round "9"]
[White "Cornejo, Max"]
[Black "Santarius, Erik"]
[Result "1/2-1/2"]
[WhiteElo "2411"]
[BlackElo "2276"]
[PlyCount "115"]
[EventDate "2012.01.06"]
[SourceDate "2012.01.05"]

1. e4 e5 2. Nc3 Nc6 3. g3 Nf6 4. Bg2 Bc5 5. Nge2 d6 6. Na4 Be6 7. O-O Qd7 8. c3
Bh3 9. d4 Bb6 10. f3 Bxg2 11. Kxg2 h6 12. b4 exd4 13. b5 Nd8 14. Nxb6 axb6 15.
Nxd4 Ne6 16. a4 O-O 17. Nf5 Nc5 18. c4 Qe6 19. Bb2 Ra7 20. Bd4 Ncd7 21. Qc2
Rfa8 22. Ne3 Nc5 23. Bxc5 bxc5 24. Nd5 Nxd5 25. exd5 Qg6 26. Qb3 b6 27. Rfe1
Qf6 28. Ra2 Qd4 29. Re4 Qf6 30. Qe3 Kh7 31. Qd3 g6 32. Qc2 Kg7 33. Qb3 h5 34.
h4 Ra5 35. Rf4 Qe5 36. Re4 Qf6 37. Kh3 Qf5+ 38. Kh2 Kg8 39. Qc3 Rf8 40. Kg2
Raa8 41. a5 bxa5 42. Rxa5 Rae8 43. Qe3 Rxe4 44. Qxe4 Qf6 45. Qe2 Qd8 46. Ra3
Re8 47. Re3 Rxe3 48. Qxe3 Qa8 49. Qe2 Qa1 50. g4 Qd4 51. gxh5 gxh5 52. Kg3 Qg1+
53. Kf4 Kg7 54. Qb2+ Kg6 55. Qc2+ Kg7 56. Qb2+ Kg6 57. Qc2+ Kg7 58. Qb2+
1/2-1/2

[Event "Northern California International"]
[Site "?"]
[Date "2012.01.08"]
[Round "9"]
[White "de Guzman, Ricardo"]
[Black "Shahade, Greg"]
[Result "1/2-1/2"]
[WhiteElo "2393"]
[BlackElo "2463"]
[PlyCount "165"]
[EventDate "2012.01.06"]
[SourceDate "2012.01.05"]

1. d4 Nf6 2. Nf3 d5 3. g3 e6 4. Bg2 Be7 5. O-O O-O 6. c3 b6 7. a4 c5 8. a5 Nc6
9. axb6 Qxb6 10. dxc5 Bxc5 11. b4 Bd6 12. Be3 Qc7 13. Na3 Rb8 14. Qa4 a6 15. b5
Qa5 16. Qxa5 Nxa5 17. bxa6 Bxa6 18. Nc2 Bxe2 19. Rxa5 Bxf1 20. Bxf1 Rfc8 21.
Ncd4 Ne4 22. Ra6 Bf8 23. Nc6 Rb1 24. Nd2 Nxd2 25. Bxd2 Rb2 26. Be3 Rb7 27. Bd4
Rbc7 28. Bb5 Rb7 29. c4 dxc4 30. Bxc4 Rb1+ 31. Kg2 Rc1 32. Bb5 Rb1 33. Be2 Rc1
34. Bf3 Rc4 35. Be3 Re8 36. h4 Bc5 37. Ne5 Rc3 38. Bxc5 Rxc5 39. Nd3 Rc3 40.
Ne5 Rc5 41. Nc6 g6 42. g4 Kg7 43. Kg3 h6 44. Bg2 g5 45. hxg5 hxg5 46. Nd4 Rd8
47. Nf3 Rd3 48. Bf1 Rb3 49. Ra2 Rc1 50. Bg2 Rcc3 51. Re2 Kf6 52. Re1 Ra3 53.
Re2 Ke7 54. Rb2 f5 55. gxf5 exf5 56. Rb7+ Kf6 57. Rb6+ Kg7 58. Kh2 Rxf3 59.
Bxf3 Rxf3 60. Kg2 Rd3 61. f3 Ra3 62. Rc6 Ra7 63. Kg3 Ra3 64. Kg2 Rb3 65. Ra6
Rb7 66. Kg3 Rf7 67. f4 g4 68. Kh4 Rf6 69. Ra7+ Kg6 70. Ra8 Rb6 71. Ra5 Rf6 72.
Ra7 Kh6 73. Ra5 Rg6 74. Kg3 Rf6 75. Kh4 Kg6 76. Ra7 Rc6 77. Ra3 Kf6 78. Ra5 Rb6
79. Rc5 Ra6 80. Rb5 Re6 81. Ra5 Re8 82. Ra6+ Kf7 83. Kg5 1/2-1/2

[Event "Northern California International"]
[Site "?"]
[Date "2012.01.08"]
[Round "9"]
[White "Gaffagan, Steven"]
[Black "Iyengar, Udit"]
[Result "0-1"]
[WhiteElo "2071"]
[BlackElo "1991"]
[PlyCount "88"]
[EventDate "2012.01.06"]
[SourceDate "2012.01.05"]

1. e4 c5 2. b4 cxb4 3. d4 e6 4. Bd3 d6 5. Nf3 g6 6. a3 bxa3 7. Nxa3 Bg7 8. Nb5
Ne7 9. Ba3 O-O 10. Nxd6 Nbc6 11. c3 a6 12. O-O Qc7 13. Qd2 b5 14. Bc5 Bb7 15.
Nxb7 Qxb7 16. e5 Rfd8 17. Be4 Bf8 18. Qg5 Nd5 19. Bxd5 Rxd5 20. Bxf8 Rxf8 21.
Qf6 Ra8 22. Ng5 Qe7 23. Ne4 Rdd8 24. Qf3 Qc7 25. Nf6+ Kg7 26. Rfe1 Ne7 27. Re4
Nf5 28. g4 Ne7 29. Nxh7 Nd5 30. Ng5 Qe7 31. Nh3 Rdc8 32. Re3 Nxe3 33. fxe3 Ra7
34. Nf2 Rxc3 35. Ne4 Rc8 36. Rf1 b4 37. g5 Rh8 38. Qf4 a5 39. Nd6 a4 40. Qg3 a3
41. e4 a2 42. Ra1 Ra3 43. Qf4 b3 44. Nc4 Ra4 0-1

[Event "Northern California International"]
[Site "?"]
[Date "2012.01.08"]
[Round "9"]
[White "Guerrero, Alejandra"]
[Black "Liu, Daniel"]
[Result "1/2-1/2"]
[WhiteElo "2048"]
[BlackElo "2049"]
[PlyCount "82"]
[EventDate "2012.01.06"]
[SourceDate "2012.01.05"]

1. e4 c5 2. Nf3 Nc6 3. c3 Nf6 4. e5 Nd5 5. d4 cxd4 6. Bc4 Nb6 7. Bb3 d6 8. exd6
Qxd6 9. cxd4 Be6 10. O-O Bxb3 11. Qxb3 e6 12. Nc3 Be7 13. Be3 O-O 14. Rfd1 Rfd8
15. Rac1 Rac8 16. d5 Na5 17. Qb5 Nac4 18. Ne4 Qd7 19. Qxd7 Rxd7 20. Bxb6 Nxb6
21. Rxc8+ Nxc8 22. Rc1 Nb6 23. dxe6 fxe6 24. g3 Nd5 25. Rc8+ Rd8 26. Rxd8+ Bxd8
27. Nc5 Bf6 28. b3 Nc3 29. a4 Ne2+ 30. Kf1 Nc1 31. Nd2 Be7 32. Nxb7 Bb4 33. Ne4
Nxb3 34. Ke2 Kf7 35. Nd8+ Kg6 36. Nc6 Bc5 37. Nxc5 Nxc5 38. a5 a6 39. Ke3 Kf5
40. Kd4 Nb7 41. f4 h5 1/2-1/2

[Event "Northern California International"]
[Site "?"]
[Date "2012.01.08"]
[Round "9"]
[White "Gurevich, Daniel"]
[Black "Bryant, John"]
[Result "1/2-1/2"]
[WhiteElo "2192"]
[BlackElo "2401"]
[PlyCount "80"]
[EventDate "2012.01.06"]
[SourceDate "2012.01.05"]

1. e4 e6 2. d4 d5 3. Nc3 dxe4 4. Nxe4 Nd7 5. Nf3 Ngf6 6. Bd3 c5 7. Bg5 Be7 8.
Nxf6+ Bxf6 9. Bxf6 Nxf6 10. dxc5 Qa5+ 11. Qd2 Qxc5 12. O-O-O O-O 13. h4 Bd7 14.
h5 Bc6 15. h6 g6 16. Qf4 Qe7 17. Rhe1 Rfd8 18. Ne5 Nd5 19. Qg3 Qf8 20. Qh4 Nb4
21. Bc4 Bd5 22. Bxd5 Nxd5 23. g4 Qb4 24. Qg3 Rdc8 25. Rd2 Qa5 26. Qb3 Rc5 27.
Qxb7 Rf8 28. a3 Rb5 29. Qd7 Rxb2 30. Nc4 Rxc2+ 31. Kxc2 Qc3+ 32. Kd1 Qxc4 33.
Rxd5 exd5 34. Re8 Qb3+ 35. Ke2 Qxa3 36. Rxf8+ Qxf8 37. g5 a5 38. Qxd5 a4 39.
Qe5 a3 40. Qf6 Qe8+ 1/2-1/2

[Event "Northern California International"]
[Site "?"]
[Date "2012.01.08"]
[Round "9"]
[White "Haessel, Dale"]
[Black "Helfst, Matt"]
[Result "1-0"]
[WhiteElo "2190"]
[BlackElo "1943"]
[PlyCount "61"]
[EventDate "2012.01.06"]
[SourceDate "2012.01.05"]

1. d4 d5 2. Nf3 Nf6 3. c4 e6 4. Nc3 c6 5. e3 Nbd7 6. Bd3 a6 7. O-O dxc4 8. Bxc4
b5 9. Bd3 c5 10. a4 b4 11. Ne4 Bb7 12. Nxf6+ Nxf6 13. dxc5 Bxc5 14. Qe2 O-O 15.
e4 Re8 16. e5 Bxf3 17. Qxf3 Nd7 18. Bf4 Qb6 19. Rfd1 Bd4 20. Bxh7+ Kf8 21. Rd2
Nxe5 22. Qe4 Ng4 23. Qxd4 Qxd4 24. Rxd4 e5 25. Bd2 exd4 26. Bxb4+ Re7 27. Re1
Rae8 28. Bd3 a5 29. Ba3 Nf6 30. Bb5 Nd5 31. Bxe8 1-0

[Event "Northern California International"]
[Site "?"]
[Date "2012.01.08"]
[Round "9"]
[White "Kleinman, Michael"]
[Black "Pruess, David"]
[Result "1/2-1/2"]
[WhiteElo "2275"]
[BlackElo "2395"]
[PlyCount "111"]
[EventDate "2012.01.06"]
[SourceDate "2012.01.05"]

1. e4 e6 2. d4 d5 3. Nd2 c5 4. exd5 Qxd5 5. Ngf3 cxd4 6. Bc4 Qd6 7. O-O Nf6 8.
Nb3 Nc6 9. Nbxd4 Nxd4 10. Qxd4 Bd7 11. Be3 Rc8 12. Ne5 Qxd4 13. Bxd4 Bc5 14.
Rad1 Ke7 15. Nxd7 Bxd4 16. Rxd4 Nxd7 17. f4 Rhd8 18. Rfd1 h6 19. h4 e5 20. fxe5
Nxe5 21. Rxd8 Rxd8 22. Rxd8 Kxd8 23. Bd5 b6 24. Kf2 Ke7 25. Ke3 Kd6 26. Kd4 g5
27. h5 f5 28. c4 a5 29. Bb7 f4 30. b3 Nd7 31. Bf3 Nf6 32. a3 g4 33. Be2 f3 34.
gxf3 g3 35. Bf1 Nxh5 36. Ke4 Kc5 37. f4 Nf6+ 38. Kf3 Kd4 39. b4 Ne4 40. c5 bxc5
41. bxa5 Nd2+ 42. Ke2 Nc4 43. a6 Nb6 44. a7 c4 45. Bg2 h5 46. a8=Q Nxa8 47.
Bxa8 h4 48. Bg2 c3 49. a4 c2 50. Kd2 c1=Q+ 51. Kxc1 Ke3 52. a5 Kf2 53. Bh3 Kg1
54. a6 Kh2 55. Bf1 h3 56. a7 1/2-1/2

[Event "Northern California International"]
[Site "?"]
[Date "2012.01.08"]
[Round "9"]
[White "Liou, Yian"]
[Black "Hunt, Adam"]
[Result "1-0"]
[WhiteElo "2283"]
[BlackElo "2462"]
[PlyCount "105"]
[EventDate "2012.01.06"]
[SourceDate "2012.01.05"]

1. e4 c5 2. Nf3 d6 3. d4 cxd4 4. Nxd4 Nf6 5. Nc3 a6 6. Be2 e5 7. Nb3 Be7 8. Bg5
Be6 9. Bxf6 Bxf6 10. Qd3 Nc6 11. O-O-O Nd4 12. Nxd4 exd4 13. Nd5 Bxd5 14. exd5
O-O 15. Kb1 Re8 16. Qf3 Qa5 17. Bd3 Re5 18. g4 Qxd5 19. Qxd5 Rxd5 20. f4 g6 21.
b4 Rc8 22. g5 Bg7 23. Rhe1 a5 24. a3 Kf8 25. Rd2 axb4 26. axb4 h6 27. h4 hxg5
28. hxg5 Re8 29. Rxe8+ Kxe8 30. Ka2 Kd7 31. Kb3 f5 32. Rh2 Be5 33. Rh4 b5 34.
fxe5 dxe5 35. Rh7+ Kc6 36. Rf7 e4 37. Rf6+ Kd7 38. Be2 d3 39. cxd3 exd3 40. Bd1
Re5 41. Kc3 Re4 42. Rxg6 Rc4+ 43. Kxd3 Rxb4 44. Ra6 Ke7 45. Ra7+ Kf8 46. g6 Rb1
47. g7+ Kg8 48. Bc2 Rb4 49. Kc3 Rc4+ 50. Kb2 f4 51. Bb3 f3 52. Bxc4+ bxc4 53.
Ra1 1-0

[Event "Northern California International"]
[Site "?"]
[Date "2012.01.08"]
[Round "9"]
[White "Manvelyan, Hayk"]
[Black "Rabin, Evan"]
[Result "1-0"]
[WhiteElo "2202"]
[BlackElo "2035"]
[PlyCount "97"]
[EventDate "2012.01.06"]
[SourceDate "2012.01.05"]

1. d4 Nf6 2. c4 e6 3. Nc3 Bb4 4. e3 b6 5. Nf3 Bb7 6. Bd3 Ne4 7. Qc2 f5 8. O-O
Bxc3 9. bxc3 O-O 10. Nd2 Qh4 11. f3 Nxd2 12. Bxd2 Nc6 13. e4 fxe4 14. Bxe4 Na5
15. Bxb7 Nxb7 16. Be1 Qh5 17. Bg3 Qf5 18. Qe2 d6 19. Rfe1 Rae8 20. c5 bxc5 21.
Qa6 Nd8 22. Qxa7 cxd4 23. Qxc7 Nf7 24. cxd4 Qd5 25. Qc3 Rc8 26. Qe3 Rc2 27. a4
Ng5 28. Bf4 Nf7 29. Rec1 Rxc1+ 30. Rxc1 Qa2 31. a5 Qxa5 32. Qxe6 Qa4 33. Qd5
Qb4 34. h3 h6 35. Rc7 g5 36. Bg3 Qb1+ 37. Kh2 Qg6 38. Rd7 Re8 39. Bxd6 Qe6 40.
Qxe6 Rxe6 41. Bc7 Re2 42. d5 Kf8 43. d6 Ne5 44. Re7 Nxf3+ 45. Kh1 Rxe7 46.
dxe7+ Kxe7 47. gxf3 Ke6 48. Kg2 Kf5 49. Kg3 1-0

[Event "Northern California International"]
[Site "?"]
[Date "2012.01.08"]
[Round "9"]
[White "Margvelashvili, Giorgi"]
[Black "Arnold, Marc"]
[Result "1/2-1/2"]
[WhiteElo "2531"]
[BlackElo "2482"]
[PlyCount "49"]
[EventDate "2012.01.06"]
[SourceDate "2012.01.05"]

1. d4 Nf6 2. c4 e6 3. Nf3 d5 4. Nc3 dxc4 5. Bg5 Bb4 6. e4 c5 7. e5 cxd4 8. Qa4+
Nc6 9. O-O-O Bd7 10. Ne4 Be7 11. exf6 gxf6 12. Bh4 a6 13. Qxc4 e5 14. Nxe5 Nxe5
15. Qxd4 O-O 16. Be2 Qc8+ 17. Kb1 Bf5 18. f3 Qe6 19. Rhe1 Rfd8 20. Qa4 Rac8 21.
Rxd8+ Rxd8 22. Qb3 Qxb3 23. axb3 Rd4 24. Bg3 Be6 25. Rd1 1/2-1/2

[Event "Northern California International"]
[Site "?"]
[Date "2012.01.08"]
[Round "9"]
[White "Ramirez, Alejandro"]
[Black "Troff, Kayden"]
[Result "1-0"]
[WhiteElo "2594"]
[BlackElo "2257"]
[PlyCount "69"]
[EventDate "2012.01.06"]
[SourceDate "2012.01.05"]

1. Nf3 Nf6 2. c4 g6 3. Nc3 d5 4. cxd5 Nxd5 5. d3 Nxc3 6. bxc3 Bg7 7. Bd2 O-O 8.
g3 b6 9. Bg2 Bb7 10. O-O Nd7 11. Qa4 Ne5 12. Nxe5 Bxg2 13. Nxf7 Qd5 14. Ng5
Bxf1 15. Rxf1 Bh6 16. Ne4 Bxd2 17. Nxd2 Qe6 18. Ne4 Rf5 19. c4 Ra5 20. Qc2 Rf8
21. Qd2 Rff5 22. f3 Ra3 23. Rc1 Rfa5 24. Rc2 Qd7 25. Nc3 Qd4+ 26. Kg2 c6 27. h4
a6 28. Ne4 Qa1 29. Qb4 Qe5 30. d4 Qe6 31. d5 Qe5 32. dxc6 Qc7 33. c5 Qxc6 34.
Qc4+ e6 35. cxb6 1-0

[Event "Northern California International"]
[Site "?"]
[Date "2012.01.08"]
[Round "9"]
[White "Remlinger, Larry"]
[Black "Meier, Georg"]
[Result "0-1"]
[WhiteElo "2402"]
[BlackElo "2671"]
[PlyCount "100"]
[EventDate "2012.01.06"]
[SourceDate "2012.01.05"]

1. d4 Nf6 2. c4 e6 3. Nc3 Bb4 4. Qc2 O-O 5. a3 Bxc3+ 6. Qxc3 b6 7. Nf3 Bb7 8.
g3 d5 9. Bg2 Nbd7 10. O-O c5 11. dxc5 Nxc5 12. cxd5 Bxd5 13. b4 Nfe4 14. Qe3
Na4 15. Qd4 Nec3 16. Re1 Rc8 17. Be3 f6 18. Qg4 Rc4 19. Qh5 e5 20. Nd2 Rc7 21.
f3 Be6 22. Ne4 Nxe4 23. fxe4 Nb2 24. a4 Qd7 25. a5 Nc4 26. axb6 axb6 27. Bf2
Qb5 28. Qf3 Qxb4 29. Rab1 Qa5 30. Ra1 Qb5 31. Reb1 Qc6 32. Qc3 Ra8 33. Rxa8+
Qxa8 34. h4 Qc6 35. Qb4 h5 36. Kh2 Kh7 37. Bf3 Bf7 38. Rd1 Qe8 39. Rd3 Ra7 40.
Rc3 Ra4 41. Qb1 b5 42. Qd3 Qc8 43. Qc2 Qa8 44. Qb1 Qc6 45. Rd3 Bg6 46. Rc3 b4
47. Rc1 Qb5 48. Qb3 Nd2 49. Qb2 Nxe4 50. Be3 b3 0-1

[Event "Northern California International"]
[Site "?"]
[Date "2012.01.08"]
[Round "9"]
[White "Sarkar, Justin"]
[Black "Jayakumar, Adarsh"]
[Result "1-0"]
[WhiteElo "2370"]
[BlackElo "2197"]
[PlyCount "71"]
[EventDate "2012.01.06"]
[SourceDate "2012.01.05"]

1. d4 d5 2. c4 c6 3. Nf3 Nf6 4. Nc3 e6 5. Bg5 dxc4 6. e4 b5 7. e5 h6 8. Bh4 g5
9. Nxg5 hxg5 10. Bxg5 Nbd7 11. g3 Qb6 12. exf6 Bb7 13. Bg2 O-O-O 14. O-O c5 15.
d5 b4 16. Na4 Qa6 17. a3 Bxd5 18. Bxd5 Ne5 19. axb4 Rxd5 20. Qe2 cxb4 21. Nc3
Ra5 22. Rxa5 Qxa5 23. Ne4 Nd3 24. Be3 Qh5 25. f3 a5 26. Rd1 Qf5 27. b3 Ne5 28.
Bf4 Nd3 29. Bd6 Bh6 30. bxc4 Nc1 31. Qf2 Kb7 32. Bxb4 Qh5 33. Rd7+ Kc8 34. Nd6+
Kxd7 35. Qa7+ Kd8 36. Qe7# 1-0